Welcome to CU Library Online Public Access Catalogue (OPAC)

Quantitative methods for business / (Record no. 5385)

MARC details
000 -LEADER
fixed length control field 00677cam a2200205 a 4500
001 - CONTROL NUMBER
control field 12428622
005 - DATE AND TIME OF LATEST TRANSACTION
control field 20250407165550.0
008 - FIXED-LENGTH DATA ELEMENTS--GENERAL INFORMATION
fixed length control field 010601s2001 enka b 001 0 eng
020 ## - INTERNATIONAL STANDARD BOOK NUMBER
International Standard Book Number 027364694X (pbk.)
050 00 - LIBRARY OF CONGRESS CALL NUMBER
Classification number HD30.25
Item number .W384 2001
082 00 - DEWEY DECIMAL CLASSIFICATION NUMBER
Classification number 658.4/03
Edition information 21
100 1# - MAIN ENTRY--PERSONAL NAME
Personal name Waters, C. D. J.
Fuller form of name (C. Donald J.),
Dates associated with a name 1949-
245 10 - TITLE STATEMENT
Title Quantitative methods for business /
Statement of responsibility, etc. Donald Waters.
250 ## - EDITION STATEMENT
Edition statement 3rd ed.
260 ## - PUBLICATION, DISTRIBUTION, ETC.
Place of publication, distribution, etc. Harlow, England ;
-- New York :
Name of publisher, distributor, etc. Financial Times/Prentice Hall,
Date of publication, distribution, etc. 2001.
300 ## - PHYSICAL DESCRIPTION
Extent xvii, 630 p. :
Other physical details ill. ;
Dimensions 25 cm.
650 #0 - SUBJECT ADDED ENTRY--TOPICAL TERM
Topical term or geographic name entry element Industrial management
General subdivision Mathematical models.
650 #0 - SUBJECT ADDED ENTRY--TOPICAL TERM
Topical term or geographic name entry element Decision making
General subdivision Mathematical models.
942 ## - ADDED ENTRY ELEMENTS (KOHA)
Source of classification or shelving scheme Library of Congress Classification
Koha item type Books
Suppress in OPAC No
999 ## -
-- 5385
-- 5385
Holdings
Withdrawn status Lost status Source of classification or shelving scheme Damaged status Not for loan Collection Home library Current library Shelving location Date acquired Total checkouts Full call number Barcode Date last seen Copy number Price effective from Koha item type
    Library of Congress Classification     Non-fiction Undergraduate Library (Christ Temple) Undergraduate Library (Christ Temple) General stacks 04/07/2025   HD30.25.W384 WAT ulct00002117 04/07/2025 1 04/07/2025 Books
© 2023-2024 Copyright: Central University Libraries. All Rights Reserved | Created by: Mahone Tech Office